000
00196nam a2200085Ia 4500
008
120527s9999 xx 000 0 und d
100
_a
Fieandt, Von
245
_a
The world of perception
942
_c
BK
999
_c
27523
_d
27523